Descripción é historia de la villa de Villanueva y Geltrú desde su fundación hasta nuestros días / (Record no. 68504)
[ view plain ]
| 000 -LEADER | |
|---|---|
| campo de control de longitud fija | 00955nam a2200229 i 4500 |
| 001 - NÚMERO DE CONTROL | |
| campo de control | 68504 |
| 003 - IDENTIFICADOR DE NÚMERO DE CONTROL | |
| campo de control | ES-MaACL |
| 005 - FECHA Y HORA DE LA ÚLTIMA TRANSACCIÓN | |
| campo de control | 20230906170311.0 |
| 007 - CAMPO FIJO DE DESCRIPCIÓN FÍSICA--INFORMACIÓN GENERAL | |
| campo de control de longitud fija | t| |
| 008 - DATOS DE LONGITUD FIJA--INFORMACIÓN GENERAL | |
| campo de control de longitud fija | 040630s1963 sp ||||1| spa d |
| 080 ## - NÚMERO DE LA CLASIFICACIÓN DECIMAL UNIVERSAL | |
| Número de la Clasificación Decimal Universal | 946.711 Villanueva y Geltrú |
| 100 1# - ENTRADA PRINCIPAL--NOMBRE DE PERSONA | |
| Nombre de persona | Garí y Siumell, José Antonio. |
| 9 (RLIN) | 55546 |
| 245 10 - MENCIÓN DEL TÍTULO | |
| Título | Descripción é historia de la villa de Villanueva y Geltrú desde su fundación hasta nuestros días / |
| Mención de responsabilidad, etc. | por ... Fr. José Antonio Gari y Siumell. |
| 260 ## - PUBLICACIÓN, DISTRIBUCIÓN, ETC. | |
| Lugar de publicación, distribución, etc. | [Vilanova y la Geltrú] : |
| Nombre del editor, distribuidor, etc. | Joan Rius Vila, |
| Fecha de publicación, distribución, etc. | [1963] |
| 300 ## - DESCRIPCIÓN FÍSICA | |
| Extensión | 272 p., 2 pln. pleg. : |
| Otras características físicas | il. ; |
| Dimensiones | 23 cm. |
| 490 1# - MENCIÓN DE SERIE | |
| Mención de serie | Biblioteca d'Estudis Vilanovins i de la Seva Comarca ; |
| Designación de volumen o secuencia | 1 |
| 500 ## - NOTA GENERAL | |
| Nota general | Reproducción de la ed. de: Villanueva : Imp. de Leandro Creus, 1860. |
| 651 #4 - PUNTO DE ACCESO ADICIONAL DE MATERIA--NOMBRE GEOGRÁFICO | |
| Nombre geográfico | Vilanova i la Geltrú- |
| Subdivisión general | Historia. |
| 9 (RLIN) | 9538 |
| 830 0# - PUNTO DE ACCESO ADICIONAL DE SERIE-TÍTULO UNIFORME | |
| Título uniforme | Biblioteca d'Estudis Vilanovins i de la Seva Comarca ; |
| Designación de volumen o secuencia | 1 |
| 9 (RLIN) | 230948 |
| 852 ## - LOCALIZACIÓN | |
| Ubicación | ES-MaACL |
| Número de control de estantería | C-23962 |
| Sublocalización o colección | R.52589 |
| Estatus retirado | Estado de pérdida | Estado de daño | No para préstamo | Biblioteca de origen | Biblioteca actual | Ubicación en estantería | Fecha de adquisición | Fuente de adquisición | Total de préstamos | Signatura topográfica completa | Código de barras | Visto por última vez | Precio de reemplazo | Tipo de ítem Koha |
|---|---|---|---|---|---|---|---|---|---|---|---|---|---|---|
| Biblioteca del Ateneo de Madrid | Biblioteca del Ateneo de Madrid | Depósito 2 | 17/01/2008 | C-23962 | 1071712 | 23/02/2023 | 23/02/2023 | Libro impreso |
